| 000 | 00473nam a22001817a 4500 | ||
|---|---|---|---|
| 003 | MPLRDC | ||
| 005 | 20220104143518.0 | ||
| 008 | 210129b ||||| |||| 00| 0 eng d | ||
| 082 | _a192.8 LJ v.2 c.3 | ||
| 100 | _a绿君主编 | ||
| 245 |
_a生命之歌. 彩色第二辑 _c |
||
| 250 | _a再版 | ||
| 260 |
_a _b出版家文化事业股份有 _c1983 |
||
| 300 | _b平 | ||
| 490 | _a励志丛书. 10 | ||
| 650 | _a格言; 箴言; 金言 | ||
| 942 |
_cBK _o192.8 LJ v.2 c.3 |
||
| 999 |
_c40633 _d40623 |
||